Realizácia a zabezpečenie domácej Ad-hoc WiFi siete

Na minha lista:
Detalhes bibliográficos
Autor principal: Palkovič, Jozef, 1988- (Author)
Outros Autores: Ondriga, Martin, 1984- (Thesis advisor)
Formato: Manuscrito Livro
Idioma:eslovaco
Publicado em: Trnava : STU v Bratislave MTF UIAM, 2012
Assuntos:
Acesso em linha:VAIS
Tags: Adicionar Tag
Sem tags, seja o primeiro a adicionar uma tag!

MARC

LEADER 00000ntm a22000003a 4500
001 stu251228
005 20150617230204.5
008 120719s2012----xo------------------slo-d
040 |a STU  |b slo 
041 0 |a slo 
044 |a xo 
100 1 |a Palkovič, Jozef,  |d 1988-  |4 aut  |u M  |T MTF Materiálovotechnologická fakulta  |X 56813  |U M  |Y 60  |7 A000056813 
242 0 0 |a Realization and provision home Ad-hoc WiFi network  |y eng 
245 1 |a Realizácia a zabezpečenie domácej Ad-hoc WiFi siete 
260 |a Trnava :  |b STU v Bratislave MTF UIAM,  |c 2012 
300 |a 50s  |c CD ROM 
650 7 |a aplikovaná informatika a automatizácia v priemysle  |2 stusub 
650 7 |a Applied Informatics and Automation in Industry  |2 estusub 
650 7 |a WiFi  |2 estusub 
700 1 |a Ondriga, Martin,  |d 1984-  |4 ths  |u M6000  |U MTF Materiálovotechnologická fakulta  |T MTF Ústav aplikovanej informatiky, automatizácie a matematiky  |X 32851  |U M6000  |Y 86  |7 A000032851 
856 4 |a info a plný text  |u http://is.stuba.sk/zp/portal_zp.pl?podrobnosti=87795  |3 VAIS 
996 |c M*BP-5915  |l MMSKP  |s P  |a 0  |w stu251228_0001